Elon Musk Filmography - Statistics

General Stats
  • This quiz has been taken 36 times
    5 since last reset
  • The average score is 3 of 28
Answer Stats
Type Year Name % Correct
Film 2010 Iron Man 2
80%
TV Show 2021 Saturday Night Live
40%
TV Show 2015 The Simpsons
40%
Film 2013 Machete Kills
20%
Documentary TBA Musk
20%
TV Show 2019 Rick and Morty
20%
TV Show 2015 The Big Bang Theory
20%
Film 2014 Transcendence
20%
Documentary 2021 Billion Dollar Space Race: Bezos vs. Musk vs. Branson
0%
TV Documentary 2025 Can Elon Musk Rule the World?
0%
Documentary Mini-Series 2021 Countdown: Inspiration4 Mission to Space
0%
Film 2021 CRS 24 Mission
0%
Documentary 2021 Elon Musk: Aiming for the Stars
0%
Documentary 2018 Elon Musk: The Real Life Iron Man
0%
Documentary 2023 Elon Musk: To the Limit
0%
Documentary Series 2020 Jay Leno's Garage
0%
Film 2019 Men in Black: International
0%
TV Documentary 2025 Musk v Trump: The Showdown
0%
Documentary 2022 Return to Space
0%
TV Show 2016 South Park
0%
Documentary 2021 Space Race to SpaceX
0%
Documentary 2021 Tech Billionaires: Elon Musk
0%
Documentary Series 2023 The Billionaires Who Made Our World
0%
Documentary Series 2022 The Elon Musk Show
0%
Documentary Series 2024 The Mars
0%
Documentary Series 2023 The Ruling Class
0%
Film 2016 Why Him?
0%
TV Show 2017 young Sheldon
0%
No matching quizzes found
Score Distribution
Percent of People with Each Score
Percentile by Number Answered
Your Score History
You have not taken this quiz since the last reset